Výplata nemocenských dávok a prechod na SEPA úhrady v tuzemskom platobnom styku

Na základe Nariadenia Európskeho parlamentu a rady EÚ č. 260/2012 bol stanovený konečný dátum prechodu na SEPA úhrady na 1. február 2014. SEPA - Single Euro Payments Area (jednotná oblasť platieb v eurách) - je projekt, ktorého cieľom je zavedenie jednotných pravidiel a štandardov.

Salvato in:
Dettagli Bibliografici
Autore principale: Mesarošová, Mária
Natura: Capitolo di libro
Lingua:slovacco
Soggetti:
Tags: Aggiungi Tag
Nessun Tag, puoi essere il primo ad aggiungerne!!

MARC

LEADER 00000nla a2200000 4500
001 0185480
005 20220729105249.4
041 0 |a slo 
044 |a SK 
245 1 0 |a Výplata nemocenských dávok a prechod na SEPA úhrady v tuzemskom platobnom styku  |c Mária Mesarošová 
520 |a Na základe Nariadenia Európskeho parlamentu a rady EÚ č. 260/2012 bol stanovený konečný dátum prechodu na SEPA úhrady na 1. február 2014. SEPA - Single Euro Payments Area (jednotná oblasť platieb v eurách) - je projekt, ktorého cieľom je zavedenie jednotných pravidiel a štandardov. 
610 2 0 |a styk platobný medzinárodný 
610 2 0 |a prevod bankový 
610 2 0 |a účty bankové 
610 2 0 |a poistenie sociálne 
610 2 0 |a poisťovne sociálne 
610 2 0 |a Európska únia 
100 1 |a Mesarošová, Mária